| 000 | 00797cam a2200241 a 4500 | ||
|---|---|---|---|
| 020 | _a0471628832 (v. 1 : alk. paper) | ||
| 020 | _a0471585947 (v. 2 : alk. paper) | ||
| 040 | _cDLC | ||
| 082 | 0 | 0 | _a574 WIL 1993 A030 Or. |
| 245 | 0 | 0 | _aBiodiversity of the southeastern United States / |
| 260 |
_aNew York : _bWiley, _cc1993- |
||
| 300 |
_av. <1-2 > : _bill. ; _c24 cm. |
||
| 500 | _a"Sponsored by the Southeastern Chapter of the Ecological Society of America"--Half t.p. | ||
| 650 | 0 | _aNatural history | |
| 650 | 0 | _aBiodiversity | |
| 650 | 0 | _aEcology | |
| 700 | 1 | _aMartin, William Haywood, | |
| 700 | 1 | _aBoyce, Stephen G. | |
| 700 | 1 | _aEchternacht, Arthur C. | |
| 710 | 2 | _aEcological Society of America. | |
| 856 | 4 | _uhttp://www.loc.gov/catdir/toc/onix01/92026503.html | |
| 942 | _cEK | ||
| 999 |
_c11580 _d11580 |
||